000 00326nam a2200121Ia 4500
008 220216s9999 xx 000 0 und d
100 _aHajra S G
245 0 _aEffect of stick plant vigour on the growth of scion in Hevea brasiliensis
260 _bPhytobreedon
_c1989
300 _a46-48
700 _aHajra N G
942 _cJS
999 _c58155
_d58155